000 00885cab a2200241 4500
001 WB3424-08
008 090401t1998 xxu||||| |||| 00| 0 eng d
035 _a(Sirsi) u87004
041 _aeng
245 _aIPD consults over backdating
260 _c1998
350 _a0
490 _aEstates Gazette
_v(9825) 20 June 1998, 49(1)
520 _aInvestment Property Databank has launched an industry-wide consultation on whether it should backdate its indices. IPD has set a deadline for responses of 24 July 1998 and hopes to introduce any changes to the 1998 performance figures in April 1999.
650 _aBACKDATING
650 _aCONSULTATION
650 _aINVESTMENT PROPERTY DATABANK
650 _aIPD INDEX
650 _aPROPERTY INDICES
690 _aPROPERTY-COMMERCIAL PROPERTY-COMMERCIAL PROPERTY FINANCE AND INVESTMENT
942 _n0
948 _c24/06/1998
999 _c54806
_d54806